Thermodynamics of structure (Record no. 14356)

000 -LEADER
fixed length control field 00581nam a22002297a 4500
001 - CONTROL NUMBER
control field 14356
003 - CONTROL NUMBER IDENTIFIER
control field BD-DhUET
008 - FIXED-LENGTH DATA ELEMENTS--GENERAL INFORMATION
fixed length control field 150308b xxu||||| |||| 00| 0 eng d
040 ## - CATALOGING SOURCE
Original cataloging agency DLC
Transcribing agency DLC
Modifying agency BD-DhUET
082 ## - DEWEY DECIMAL CLASSIFICATION NUMBER
Classification number 536
Item number BRO/1964
100 ## - MAIN ENTRY--PERSONAL NAME
Personal name Brophy, Jere H.
245 ## - TITLE STATEMENT
Title Thermodynamics of structure
250 ## - EDITION STATEMENT
Edition statement 1st ed.
260 ## - PUBLICATION, DISTRIBUTION, ETC. (IMPRINT)
Place of publication, distribution, etc. New Delhi
Name of publisher, distributor, etc. Wiley Eastern
Date of publication, distribution, etc. 1966
300 ## - PHYSICAL DESCRIPTION
Extent x, 216 p.
Other physical details illus.
500 ## - GENERAL NOTE
General note Volume II
504 ## - BIBLIOGRAPHY, ETC. NOTE
Bibliography, etc Includes bibliographies
650 #0 - SUBJECT ADDED ENTRY--TOPICAL TERM
Topical term or geographic name as entry element Thermodynamics : Physics
700 ## - ADDED ENTRY--PERSONAL NAME
Personal name Rose, Robert M.
700 ## - ADDED ENTRY--PERSONAL NAME
Personal name Wulff, John
942 ## - ADDED ENTRY ELEMENTS (KOHA)
Koha item type General Book
Holdings
Date acquired Copy number Damaged status Source of classification or shelving scheme Not for loan Lost status Shelving location Location (home branch) Sublocation or collection (holding branch) Piece designation (barcode) Koha normalized classification for sorting Koha full call number Price effective from Koha item type Withdrawn status Koha date last seen
2015-03-081    Circulation sectionCentral Library, BUETCentral Library, BUET25891536_000000000000000_BRO_1964536/BRO/19642015-03-08General Book 2015-03-08
2015-03-082    Circulation sectionCentral Library, BUETCentral Library, BUET35244536_000000000000000_BRO_1964536/BRO/19642015-03-08General Book 2015-03-08
2015-03-083    Circulation sectionCentral Library, BUETCentral Library, BUET35206536_000000000000000_BRO_1964536/BRO/19642015-03-08General Book 2015-03-08
2015-03-094    Circulation sectionCentral Library, BUETCentral Library, BUET35246536_000000000000000_BRO_1964536/BRO/19642015-03-09General Book 2015-03-09
2015-05-145    Circulation sectionCentral Library, BUETCentral Library, BUET20982536_000000000000000_BRO_1964536/BRO/19642015-05-14General Book 2015-05-14
2015-07-256    Circulation sectionCentral Library, BUETCentral Library, BUET35240536_000000000000000_BRO_1964536/ BRO/19642015-07-25General Book 2015-07-25